Payden's pronoun party / Blue Jaryn ; illustrated ... Read More
Available copies
- 1 of 1 copy available at LARL/NWRL Consortium.
- 1 of 1 copy available at Lake Agassiz Regional Library. (Show preferred library)
Current holds
0 current holds with 1 total copy.
Show All Copies
| Location | Call Number / Copy Notes | Barcode | Shelving Location | Status | Due Date |
|---|---|---|---|---|---|
| Detroit Lakes Public Library | E J (Text) | 33500013715891 | Main | Available | - |
Record details
- ISBN: 9781645675587
- ISBN: 1645675580
- Physical Description: 24 unnumbered pages : color illustrations; 23 x 28 ... Read More
- Publisher: Salem, Massachusetts : Page Street Kids, 2022.
- Copyright: ©2022
Content descriptions
| Summary, etc.: | "Payden has always used he/him pronouns, until one ... Read More |
Search for related items by subject
| Genre: | Picture books. Illustrated works. |
| LDR | 02104cam a2200421 i 4500 | ||
|---|---|---|---|
| 001 | 402494 | ||
| 003 | LARL_NWRL_CONSORTIUM | ||
| 005 | 20221027165322.0 | ||
| 008 | 220929t20222022maua j 000 1 eng d | ||
| 040 | . | ‡aIG$ ‡beng ‡erda ‡cIG$ ‡dGP5 ‡dGO3 | |
| 020 | . | ‡a9781645675587 ‡q(hbk.) | |
| 020 | . | ‡a1645675580 ‡q(hbk.) | |
| 035 | . | ‡a(OCoLC)1346259691 | |
| 082 | 0 | 4. | ‡a[E] ‡223 |
| 100 | 1 | . | ‡aJaryn, Blue, ‡eauthor. |
| 245 | 1 | 0. | ‡aPayden's pronoun party / ‡cBlue Jaryn ; illustrated by Xochitl Cornejo. |
| 264 | 1. | ‡aSalem, Massachusetts : ‡bPage Street Kids, ‡c2022. | |
| 264 | 4. | ‡c©2022 | |
| 300 | . | ‡a24 unnumbered pages : ‡bcolor illustrations; ‡c23 x 28 cm | |
| 336 | . | ‡atext ‡btxt ‡2rdacontent | |
| 336 | . | ‡astill image ‡bsti ‡2rdacontent | |
| 337 | . | ‡aunmediated ‡bn ‡2rdamedia | |
| 338 | . | ‡avolume ‡bnc ‡2rdacarrier | |
| 520 | . | ‡a"Payden has always used he/him pronouns, until one day Payden realizes those words might not fit. Payden's parents promise to throw a big party to introduce whatever pronouns Payden chooses--but which pronouns are the best match? On a colorful quest, Payden talks to friends about a rainbow of possibilities: he, she, they, ze, and so many more! The right pronouns are just waiting to be tried on. Put on your party hats and learn about the magical variety of pronouns in this thoughtful story that imagines a world of unquestioning support for gender exploration, celebrates all the different ways a person can present, and provides a blueprint for people of any age who are pondering what gender means to them." -- ‡cPublisher marketing. | |
| 650 | 0. | ‡aGender identity ‡vJuvenile fiction. | |
| 650 | 0. | ‡aEmotions ‡vJuvenile fiction. | |
| 650 | 0. | ‡aBest friends ‡vJuvenile fiction. ‡0(LARL_NWRL_CONSORTIUM)170952 | |
| 650 | 1. | ‡aGender identity ‡vFiction ‡0(LARL_NWRL_CONSORTIUM)169081 | |
| 650 | 1. | ‡aEmotions ‡vFiction. | |
| 650 | 1. | ‡aBest friends ‡vFiction. ‡0(LARL_NWRL_CONSORTIUM)168959 | |
| 650 | 7. | ‡aLGBTQ+ fiction. ‡2homoit | |
| 650 | 7. | ‡aPronouns. ‡2homoit | |
| 650 | 7. | ‡aNeopronouns. ‡2homoit | |
| 655 | 7. | ‡aPicture books. ‡2lcgft | |
| 655 | 7. | ‡aIllustrated works. ‡2lcgft | |
| 700 | 1 | . | ‡aCornejo, Xochitl, ‡eillustrator. |
| 905 | . | ‡uvanderl | |
| 901 | . | ‡a402494 ‡b ‡c402494 ‡tbiblio ‡soclc | |

Add to basket
Permalink
Disable Highlighting